000 00803nam a2200265Ia 4500
003 GCL
008 140319s9999 xx 000 0 ara d
040 _aGCL /
_cGCL
082 0 4 _a740
_bس ت
100 1 _aسامى رزق بشاى
245 1 0 _aتاريخ الزخرفة HISTORY OF ORNAMENTATIONS /
_cسامى رزق بشاى
700 1 _aفاروق وجدى ابراهيم
700 1 _aقدرى محمد احمد
260 _a[S.N] :
_bمطابع الشروق ،
_c1992
300 _a686
490 _a
650 0 4 _aالفن المصرى القديم
650 0 4 _aالفن
650 0 4 _aالفن الرومانى
650 0 4 _aالزخرفة
650 0 4 _aالفن القديم
650 0 4 _aالفن البيزنطى
650 0 4 _aالفن الاسلامى
942 _2ddc
_cBK
999 _c31404
_d31404